000 00267nam a22001097a 4500
005 20260310113021.0
100 _aRani Jose
245 _aRubberthaikalude apakwakaala paricharanangal
260 _bRubber, 716(January): 23-25.
_c2026
300 _bMalayalam
942 _cJS
999 _c75875
_d75875